ETHICS WITHOUT MORALS IN DEFENCE OF AMOR (Record no. 20617)
[ view plain ]
| 000 -LEADER | |
|---|---|
| fixed length control field | 00329nam a2200133Ia 4500 |
| 008 - FIXED-LENGTH DATA ELEMENTS--GENERAL INFORMATION | |
| fixed length control field | 240624s9999 xx 000 0 und d |
| 041 ## - LANGUAGE CODE | |
| Language code of text/sound track or separate title | eng |
| 082 ## - DEWEY DECIMAL CLASSIFICATION NUMBER | |
| Classification number | 174.4 MAR |
| 100 ## - MAIN ENTRY--PERSONAL NAME | |
| Personal name | MARKS JOEL |
| 245 ## - TITLE STATEMENT | |
| Title | ETHICS WITHOUT MORALS IN DEFENCE OF AMOR |
| 260 ## - PUBLICATION, DISTRIBUTION, ETC. | |
| Date of publication, distribution, etc. | 2012 |
| Place of publication, distribution, etc. | New York |
| Name of publisher, distributor, etc. | Routledge |
| 300 ## - PHYSICAL DESCRIPTION | |
| Extent | 134 : p. |
| 365 ## - TRADE PRICE | |
| Currency code | GBP |
| Price amount | 28 |
| Withdrawn status | Lost status | Damaged status | Not for loan | Home library | Current library | Shelving location | Date acquired | Source of acquisition | Cost, normal purchase price | Total Checkouts | Full call number | Barcode | Date last seen | Date last checked out | Copy number | Price effective from | Koha item type |
|---|---|---|---|---|---|---|---|---|---|---|---|---|---|---|---|---|---|
| IMTN | IMTN | Rack 4-A | 12/12/2012 | IBH | 80.00 | 1 | 174.4 MAR | 20617 | 07/23/2024 | 07/13/2024 | 92.4 | 06/24/2024 | Books |